| 000 -LEADER |
| fixed length control field |
00381pab a2200145 454500 |
| 008 - FIXED-LENGTH DATA ELEMENTS--GENERAL INFORMATION |
| fixed length control field |
180718b1985 xxu||||| |||| 00| 0 eng d |
| 100 ## - MAIN ENTRY--PERSONAL NAME |
| Personal name |
Watts, Thomas D. |
| 245 ## - TITLE STATEMENT |
| Title |
"Towards `internationalising' need assessment" |
| 260 ## - PUBLICATION, DISTRIBUTION, ETC. |
| Date of publication, distribution, etc. |
1985 |
| 300 ## - PHYSICAL DESCRIPTION |
| Extent |
3-20 |
| 650 ## - SUBJECT ADDED ENTRY--TOPICAL TERM |
| Topical term or geographic name entry element |
Social Welfare - Planning |
| 700 ## - ADDED ENTRY--PERSONAL NAME |
| Personal name |
Martin Sundel |
| 773 ## - HOST ITEM ENTRY |
| Main entry heading |
International Social Work |
| 909 ## - |
| -- |
18363 |